Me, myself and I : seven science fiction stories

Αποθηκεύτηκε σε:
Λεπτομέρειες βιβλιογραφικής εγγραφής
Κύριος συγγραφέας: Jones, Lewis
Άλλοι συγγραφείς: Keeping, Charles (Εικονογράφος)
Μορφή: Βιβλίο
Γλώσσα:English
Δημοσίευση: Harlow, England : Longman, 1975
Σειρά:Longman structural readers. Fiction ; ; Stage 4
Θέματα:
Ετικέτες: Προσθήκη ετικέτας
Δεν υπάρχουν, Καταχωρήστε ετικέτα πρώτοι!

MARC

LEADER 00000nam a2200000 i 4500
001 1/50899
008 960401s1975 eng d
020 |a 0582538440 
035 |l 10027081 
040 |a GR-MY-UA  |b gre  |e aacr 
041 0 |a eng 
082 0 |a 428.64 
100 1 |a Jones, Lewis. 
245 1 0 |a Me, myself and I :  |b seven science fiction stories /  |c Lewis Jones ; ill.: Charles Keeping 
260 |a Harlow, England :   |b Longman,   |c 1975 
300 |a 75 p. 
490 1 |a Longman structural readers. Fiction  |v ; Stage 4 
650 0 0 |a English language  |x Readers. 
650 0 0 |a English language  |v Textbooks for foreign speakers. 
700 1 |a Keeping, Charles.  |4 ill 
830 0 |a Longman structural readers. Fiction ;  |v ; Stage 4 
852 |a INST  |b CHIOS  |e 19960401  |h 428.64 JON  |p 005200004857  |q 005200004857  |t BK  |y 0 
909 |a Χ  |b 004834